عمر بن الخطاب / (رقم التسجيلة. 31948)

تفاصيل مارك
000 -LEADER
fixed length control field 00628nam a22001937a 4500
005 - DATE AND TIME OF LATEST TRANSACTION
control field 20251108165819.0
008 - FIXED-LENGTH DATA ELEMENTS--GENERAL INFORMATION
fixed length control field 250721s9999 xx 000 0 ara d
082 14 - DEWEY DECIMAL CLASSIFICATION NUMBER
Classification number ط/923.1/كما
100 1# - MAIN ENTRY--PERSONAL NAME
Personal name كمال، محمد
245 10 - TITLE STATEMENT
Title عمر بن الخطاب /
264 1# - PRODUCTION, PUBLICATION, DISTRIBUTION, MANUFACTURE, AND COPYRIGHT NOTICE
Place of production, publication, distribution, manufacture حلب :
Name of producer, publisher, distributor, manufacturer دار ربيع للنشر و التوزيع،
Date of production, publication, distribution, manufacture, or copyright notice [19-].
300 ## - PHYSICAL DESCRIPTION
Extent 16ص.
490 0# - SERIES STATEMENT
Series statement شمس الهدى و الإيمان : أعلام الخلفاء ؛ 2
650 17 - SUBJECT ADDED ENTRY--TOPICAL TERM
Topical term or geographic name as entry element التراجم
653 ## - INDEX TERM--UNCONTROLLED
Uncontrolled term اطفال مرحلة متوسطة (6-9)سنوات
700 1# - ADDED ENTRY--PERSONAL NAME
Personal name حاضري، بدر الدين
942 ## - ADDED ENTRY ELEMENTS (KOHA)
Source of classification or shelving scheme Dewey Decimal Classification
Koha item type كتب
المقتنيات
حالة السحب حالة الفقدان مصدر التصنيف حالة التلف غير قابل للإعارة المكتبة الرئيسية المكتبة الحالية موقع الرف تاريخ التزويد الرقم المتسلسل Total Checkouts رقم الإستدعاء تاريخ آخر ظهور تاريخ الفاتورة نوع المادة (كوها) الباركود
    Dewey Decimal Classification     مكتبة أم قصير والمقابلين العامة مكتبة أم قصير والمقابلين العامة الأطفال 15/10/2014 [4223 ]   ط/923.1/كما 28/07/2025 15/10/2014 كتب PLD00351068
    Dewey Decimal Classification     مكتبة الاميرة بديعة مكتبة الاميرة بديعة الأطفال 06/07/2015 [1727].   ط/923.1/كما 28/07/2025 06/07/2015 كتب PLD00336499
    Dewey Decimal Classification     مكتبة الاميرة بديعة مكتبة الاميرة بديعة الأطفال 14/07/2015 [2333]...   ط/923.1/كما 28/07/2025 14/07/2015 كتب PLD00337870
    Dewey Decimal Classification     مكتبة صويلح العامة مكتبة صويلح العامة الأطفال 29/07/2019 005470   ط/923.1/كما 28/07/2025 29/07/2019 كتب PLD00460086
    Dewey Decimal Classification     مكتبة صويلح العامة مكتبة صويلح العامة الأطفال 29/07/2019 06698   ط/923.1/كما 28/07/2025 29/07/2019 كتب PLD00460089
    Dewey Decimal Classification     مكتبة مؤتة مكتبة مؤتة الأطفال 07/07/2014 [ 103 ]   ط/923.1/كما 28/07/2025 07/07/2014 كتب PLD00333888
    Dewey Decimal Classification Unchecked   مكتبة وادي السير العامة مكتبة وادي السير العامة الأطفال 06/07/2004 2419   ط/923.1/كما 28/07/2025 06/07/2004 كتب  
    Dewey Decimal Classification     مكتبة وادي السير العامة مكتبة وادي السير العامة الأطفال 03/09/2015 [3419].   ط/923.1/كما 28/07/2025 03/09/2015 كتب PLD00344311
    Dewey Decimal Classification     مكتبة وادي السير العامة مكتبة وادي السير العامة الأطفال 03/09/2015 [3096].   ط/923.1/كما 28/07/2025 03/09/2015 كتب PLD00344312
Implemented & Customized by: BBB with SCIT (Smart Chains for Information Technology)

Powered by Koha